000 00882nam a2200241 4500
005 20240530110549.0
008 160618s2013 ua o|||g bd|| 00| 0dara d
017 _a2012/133446
_bمصر. دار الكتب المصرية
020 _a9789771028017
040 _aEG-CaGPL
082 0 4 _a550/
_bح ت
_221
100 0 _aحافظ شمس الدين عبدالوهاب
245 1 0 _aتبسيط الجيولوجيا
_cتأليف حافظ شمس الدين عبدالوهاب.
246 3 5 _aGeology made simple
250 _aط .1.
260 _aالقاهرة :
_bدار الفكر العربى،
_c2013.
300 _a152 ، 64 ص. :
_bصور ؛
_c24 سم.
500 _aيشتمل على قائمة بالمصطلحات.
504 _aببليوجرافية : ص. 150.
650 0 4 _aالجيولوجيا
942 _2ddc
_cBK
999 _c62414
_d62414